| 000 | 004110000a22001690004500 | ||
|---|---|---|---|
| 003 | MACL | ||
| 005 | 20160108161811.0 | ||
| 008 | 160108b xxu||||| |||| 00| 0 eng d | ||
| 040 |
_aMACL _cMACL |
||
| 041 | _aEnglish | ||
| 082 | _a910/MAR | ||
| 100 |
_aMarie _929998 |
||
| 245 | _aThe Voice on The Mountain | ||
| 260 |
_bDuckworth & co _c1924 _aLondon |
||
| 650 |
_aGeography _929999 |
||
| 942 |
_cBK _k910/MAR _2ddc |
||
| 999 |
_c38130 _d38130 |
||